Phineas and Ferb - Guess the Lyrics 71 Quiz Stats

 Plays Quiz not verified by Sporcle

Challenge
Share
Tweet
Embed
Score 0/225 Timer 20:00
0 Plays Today
% Correct
I
92.1%
I
92.1%
I
92.1%
I
92.1%
I
92.1%
a
86.8%
a
86.8%
a
86.8%
a
86.8%
a
86.8%
A
86.8%
a
86.8%
a
86.8%
a
86.8%
a
86.8%
a
86.8%
a
86.8%
the
78.9%
the
78.9%
the
78.9%
you
73.7%
you
73.7%
you
73.7%
And
73.7%
you
73.7%
And
73.7%
and
73.7%
And
73.7%
and
73.7%
and
73.7%
and
73.7%
you
73.7%
you
73.7%
you
73.7%
And
73.7%
you
73.7%
you
73.7%
you
73.7%
you
73.7%
you
73.7%
and
73.7%
We
64.5%
We
64.5%
We
64.5%
We
64.5%
we
64.5%
We
64.5%
We
64.5%
We
64.5%
We
64.5%
we
64.5%
me
59.2%
me!
59.2%
me
59.2%
It
56.6%
To
56.6%
To
56.6%
To
56.6%
to
56.6%
Christmas
53.9%
Christmas
53.9%
Christmas
53.9%
Christmas
53.9%
Christmas
53.9%
Christmas
53.9%
Christmas
53.9%
Christmas
53.9%
Christmas'
53.9%
Christmas
53.9%
wish
50%
wish
50%
wish
50%
wish
50%
your
50%
your
50%
% Correct
in
50%
be
50%
wish
50%
wish
50%
wish
50%
wish
50%
In
50%
wish
50%
In
50%
Your
50%
wish
50%
your
50%
Merry
48.7%
Merry
48.7%
Merry
48.7%
New
48.7%
Year
48.7%
New
48.7%
I'm
48.7%
New
48.7%
Year
48.7%
'Merry
48.7%
I'm
48.7%
New
48.7%
Of
47.4%
of
47.4%
of
47.4%
Happy
46.1%
day
44.7%
that
44.7%
that
44.7%
that
44.7%
that
44.7%
can
43.4%
best
42.1%
Are
42.1%
my
42.1%
For
42.1%
for
42.1%
Good
42.1%
for
42.1%
for
42.1%
my
42.1%
Good
42.1%
good
42.1%
best
42.1%
how
40.8%
ever
39.5%
all
39.5%
All
39.5%
When
39.5%
all
39.5%
ever
39.5%
all
39.5%
Perry
38.2%
Perry
38.2%
Perry
38.2%
tell
36.8%
I'll
36.8%
give
36.8%
I'll
36.8%
give
36.8%
too
35.5%
Oh,
35.5%
just
35.5%
From
35.5%
us
35.5%
from
35.5%
pudding!
35.5%
Z
34.2%
get
34.2%
or
34.2%
so
34.2%
come
32.9%
doin'
32.9%
% Correct
wedgies
32.9%
say
32.9%
with
32.9%
evil
32.9%
will
32.9%
figgy
32.9%
Year's
31.6%
Agents
31.6%
through
31.6%
That's
31.6%
Year's
31.6%
rocks,
30.3%
relatives
30.3%
'oy
30.3%
(¡Oy
30.3%
Carl,
30.3%
away
30.3%
words
30.3%
what'cha
28.9%
flew
28.9%
Mexico
28.9%
holidays
28.9%
Both
28.9%
into
28.9%
chorus
28.9%
olé
28.9%
(¡Olé!)
28.9%
vey'
28.9%
vey!)
28.9%
saving
28.9%
both
28.9%
nerds
28.9%
rule
28.9%
going
28.9%
we're
28.9%
hope
27.6%
missions
27.6%
punch
27.6%
bowl-
27.6%
calculator-
27.6%
find
27.6%
ain't
27.6%
let
27.6%
school
27.6%
this
27.6%
mention
27.6%
amazing,
26.3%
clever
26.3%
Jerusalem
26.3%
trees
26.3%
menorahs
26.3%
break
26.3%
(Perry chatters)
26.3%
slash-
26.3%
Hindi-
26.3%
English
26.3%
translator
26.3%
denominator
26.3%
tongues
26.3%
would
26.3%
won't
26.3%
never
26.3%
endeavors
25%
super-
25%
fun,
25%
confusing
25%
common
25%
looks
23.7%
grim!
23.7%
every
23.7%
sugarcoat
22.4%
fool
22.4%
glad
22.4%
endeavor
21.1%
Makes
18.4%

You're not logged in!

Compare scores with friends on all Sporcle quizzes.
OR
Log In

You Might Also Like...

Show Comments

Extras

Top Quizzes Today


Score Distribution

Your Account Isn't Verified!

In order to create a playlist on Sporcle, you need to verify the email address you used during registration. Go to your Sporcle Settings to finish the process.

Report this User

Report this user for behavior that violates our Community Guidelines.

Details: